Loading...
| Auditory Arts | 2 | 6 | 0 | 5 | 90 | 20 | 98.25 | 3 | 8 |
| Science - Other Science | 3 | 4 | 1 | 0 | 80 | 37 | 68.86 | 3 | 7 |
| Beliefs | 1 | 7 | 2 | 3 | 75 | 63 | 101.88 | 5 | 8 |
| Literature - European Literature | 3 | 3 | 1 | 3 | 70 | 46 | 94.33 | 3 | 6 |
| Fine Arts - Other Arts | 2 | 4 | 0 | 1 | 70 | 55 | 87.50 | 3 | 6 |
| Social Science | 2 | 4 | 1 | 1 | 65 | 52 | 83.50 | 2 | 6 |
| Visual Arts | 2 | 4 | 2 | 1 | 60 | 62 | 88.00 | 4 | 6 |
| History - European History | 1 | 5 | 1 | 2 | 60 | 46 | 96.00 | 3 | 6 |
| Science - Physics | 1 | 4 | 0 | 2 | 55 | 44 | 92.40 | 2 | 5 |
| Literature - World Literature | 2 | 2 | 0 | 1 | 50 | 56 | 97.00 | 3 | 4 |
| Philosophy | 1 | 3 | 2 | 1 | 35 | 61 | 84.50 | 1 | 4 |
| Literature - American Literature | 1 | 2 | 0 | 1 | 35 | 49 | 89.67 | 2 | 3 |
| Literature - British Literature | 1 | 2 | 0 | 2 | 35 | 82 | 119.33 | 0 | 3 |
| Current Events | 0 | 2 | 0 | 1 | 20 | 72 | 93.00 | 1 | 2 |
| History - World History | 1 | 1 | 1 | 1 | 20 | 61 | 91.50 | 0 | 2 |
| Science - Biology | 1 | 1 | 1 | 1 | 20 | 52 | 88.00 | 1 | 2 |
| Science - Chemistry | 0 | 3 | 3 | 1 | 15 | 99 | 114.33 | 0 | 3 |
| History - American History | 0 | 2 | 1 | 1 | 15 | 82 | 96.50 | 1 | 2 |
| History - Other History | 0 | 1 | 0 | 1 | 10 | 136 | 136.00 | 0 | 1 |
| Other Academic | 1 | 0 | 1 | 0 | 10 | 51 | 51.00 | 1 | 1 |
| Geography | 0 | 0 | 0 | 0 | 0 | 0.00 | 0 | 0 | |
| History - Ancient History | 0 | 0 | 2 | 0 | -10 | 0.00 | 0 | 0 |